[Event "ISR-ch op"]
[Site "Tel  Aviv"]
[Date "1997.04.16"]
[Round "2"]
[White "Tsesarsky, Ilya"]
[Black "Kharnak, Dmitri"]
[Result "1/2-1/2"]
[WhiteElo "2390"]
[BlackElo "2205"]

1.Nf3 Nf6 2.c4 e6 3.Nc3 c5 4.g3 b6 5.Bg2 Bb7 6.O-O Be7 7.d4 cxd4 8.Qxd4 Nc6
9.Qf4 Qb8 10.Qxb8+ Rxb8 11.Bf4 Rc8 12.Rac1 O-O 13.Rfd1 Na5 14.b3 d5 15.Ne5 Ba3
16.Rb1 Bb4 17.Nb5 a6 18.Nd4 Rfd8 19.Rbc1 Bd6 20.cxd5 Nxd5 21.Rxc8 Rxc8 22.Nc4 Bxf4
23.Bxd5 Bxd5 24.Nxa5 Rc1 25.Rxc1 Bxc1 26.Nac6 Ba3 27.Nc2 Bd6 28.N6b4 Bb7
29.f3 Kf8 30.Nd3 Ke7 31.Kf2 g6 32.e4 f6 33.Ke3 a5 34.a4 Ba6 35.Nd4 e5 36.Nb5 Kd7
37.Nxd6 Kxd6 38.Kd2 Bxd3 39.Kxd3 Kc5 40.Kc3 g5 41.g4 b5  1/2-1/2

[Event "FRA-chT9697 final"]
[Site "Clichy"]
[Date "1997.05.04"]
[Round "9"]
[White "Barakoff, Annie"]
[Black "Baffie"]
[Result "1-0"]
[WhiteElo "1570"]
[BlackElo "1680"]

1.c4 c5 2.Nc3 Nf6 3.Nf3 g6 4.g3 Bg7 5.Bg2 Nc6 6.O-O O-O 7.d3 d6 8.Bd2 Re8
9.a3 a5 10.Rb1 Bd7 11.Ng5 Qc8 12.Nd5 Nxd5 13.cxd5 Nd8 14.e4 f6 15.Nf3 Bh3
16.a4 Nf7 17.Bc3 Bxg2 18.Kxg2 Qd7 19.Nd2 b5 20.axb5 Qxb5 21.Nc4 Ne5 22.Bxe5 fxe5
23.Ra1 Reb8 24.Ra3 Bh6 25.Qc2 Qb4 26.Rfa1 Rb5 27.Qe2 Kg7 28.Ra4 Qxa4 29.Rxa4 Bc1
30.Qc2  1-0

[Event "FRA-chT9697 final"]
[Site "Clichy"]
[Date "1997.05.04"]
[Round "11"]
[White "Chevallier, Didier"]
[Black "Olivier, Pierre"]
[Result "1/2-1/2"]
[WhiteElo "2300"]
[BlackElo "2245"]

1.Nf3 c5 2.c4 Nf6 3.Nc3 e6 4.g3 Nc6 5.Bg2 d5 6.cxd5 Nxd5 7.O-O Be7 8.d4 O-O
9.Rb1 Nxd4 10.Nxd4 cxd4 11.Nxd5 exd5 12.Qxd4 Be6 13.Bf4 Qa5 14.a3 Rac8 15.Rfd1 Rfd8
16.Qd2 Qa4 17.Rbc1 Bf6 18.Bg5 Bxg5 19.Qxg5 h6 20.Qd2 Qb3 21.h4 b6 22.Qb4 Qa2
23.e3 h5 24.Bf3 g6 25.Be2 Rxc1 26.Rxc1 d4 27.exd4 Qd5 28.Bc4 Qxd4 29.Bxe6 Qxb4
30.Bxf7+ Kxf7 31.axb4 Rd4 32.Rc7+ Kf6 33.Rxa7 Rxb4 34.Ra2 Kf5 35.Kg2 Rb3
36.f3 Rb4 37.Kf2 Rb3 38.Ke2 b5 39.Kf2 Ke5 40.Ke2 Kf5  1/2-1/2

[Event "RUS-ch m1-2"]
[Site "Elista"]
[Date "1997.05.19"]
[Round "1.1"]
[White "Aseev, Konstantin N"]
[Black "Pigusov, Evgeny"]
[Result "1/2-1/2"]
[WhiteElo "2530"]
[BlackElo "2565"]

1.Nf3 c5 2.c4 Nf6 3.Nc3 g6 4.d4 cxd4 5.Nxd4 d6 6.g3 Nc6 7.Bg2 Nxd4 8.Qxd4 Bg7
9.O-O O-O 10.Qd3 a6 11.Bf4 Nd7 12.Qd2 Rb8 13.Rac1 b5 14.Nd5 Bb7 15.b3 Nb6
16.c5 Nxd5 17.Bxd5 Bxd5 18.Qxd5 dxc5 19.Qxc5 Rc8 20.Qa3 e5 21.Be3 Qf6 22.Rfd1 Rxc1
23.Qxc1 h5 24.Qc7 h4 25.Qd7 Qf5 26.Qxf5 gxf5 27.Rd6 h3 28.Kf1 Ra8 29.Ke1 Bf8
30.Rf6 Rd8 31.Bd2 f4 32.gxf4 Bd6 33.fxe5 Bxe5 34.Rf3 Bxh2 35.Rxh3 Be5 36.Rd3 Rxd3
37.exd3 f5 38.Ke2 Kf7 39.Kf3 Ke6 40.Bf4 Bf6 41.Bb8 Bg5 42.Ba7 Bh6 43.Be3 Bg7
44.Kf4 Bh6+ 45.Kg3 Bf8 46.Kh4 a5 47.Kg5 a4 48.d4 Be7+ 49.Kg6 Bd6 50.f4 axb3
51.axb3 b4 52.d5+ Kxd5 53.Kxf5 Bf8 54.Bf2 Bd6 55.Bb6 Bb8 56.Bg1 Bc7 57.Ba7 Bd6
58.Bf2 Bc7 59.Ba7 Bd6 60.Bb6 Bb8 61.Kg5 Ke4 62.f5 Be5 63.Bc5 Bc3 64.Bd6 Kd3
65.Kf4 Kc2 66.Be5 Bd2+ 67.Kg4 Bc3  1/2-1/2

[Event "Drury Lane"]
[Site "London"]
[Date "1997.06.19"]
[Round "4"]
[White "Kumaran, Dharshan"]
[Black "Hoffmann, Michael"]
[Result "1/2-1/2"]
[WhiteElo "2500"]
[BlackElo "2440"]

1.c4 Nf6 2.Nf3 c5 3.Nc3 e6 4.g3 b6 5.Bg2 Bb7 6.O-O a6 7.Re1 Be7 8.e4 d6 9.d4 cxd4
10.Nxd4 Qc7 11.Be3 Nbd7 12.f4 Rc8 13.Rc1 Qb8 14.Qe2 Qa8 15.Bf2 O-O 16.f5 exf5
17.Nxf5 Rfe8 18.Qd2 Rxc4 19.b3 Rcc8 20.Qg5 Bf8 21.Bd4 Ne5 22.Bxe5 dxe5 23.Nh6+ Kh8
24.Nxf7+ Kg8 25.Nh6+ Kh8  1/2-1/2

[Event "Politiken Cup"]
[Site "Copenhagen"]
[Date "1997.07.08"]
[Round "4"]
[White "Adamski, Jan"]
[Black "Eriksson, Anders"]
[Result "1/2-1/2"]
[WhiteElo "2390"]
[BlackElo "2300"]

1.c4 Nf6 2.Nf3 c5 3.Nc3 e6 4.g3 b6 5.Bg2 Bb7 6.O-O d6 7.d4 cxd4 8.Qxd4 a6
9.Bg5 Nbd7 10.Rfd1 h6 11.Bxf6 Qxf6 12.Qe3 Be7 13.Nd2 Bxg2 14.Kxg2 Qg5 15.Qxg5 hxg5
16.Nde4 Ne5 17.Nxd6+ Bxd6 18.Rxd6 Nxc4 19.Rc6 b5 20.a4 Kd7 21.Rc5 Nxb2 22.axb5 axb5
23.Rxa8 Rxa8 24.Rxb5 Nc4 25.Rxg5 g6 26.Rb5 Nd6 27.Rb3 Ke7 28.h4 Rc8 29.e4 Rc5
30.f4 e5 31.Kf3 Ke6 32.Ra3 f5 33.fxe5 fxe4+ 34.Nxe4 Nxe4 35.Kxe4 Rxe5+ 36.Kf4 Rf5+
37.Kg4 Rb5 38.Rf3 Ra5 39.Rf2 Rb5 40.Rf3 Ra5 41.Kh3 Ke7 42.g4 Ra4 43.Kg3 Rb4
44.g5 Ra4 45.Rf6 Ra3+ 46.Kg4 Ra4+ 47.Rf4 Ra1 48.Rb4 Kf7 49.Rb7+ Kg8 50.Kf4 Rf1+
51.Ke5 Rf5+ 52.Ke6 Rf1  1/2-1/2

[Event "Politiken Cup"]
[Site "Copenhagen"]
[Date "1997.07.09"]
[Round "5"]
[White "Hoi, Carsten"]
[Black "Schandorff, Lars"]
[Result "1-0"]
[WhiteElo "2420"]
[BlackElo "2505"]

1.c4 c5 2.Nf3 Nf6 3.Nc3 e6 4.g3 b6 5.Bg2 Bb7 6.O-O Be7 7.b3 a6 8.Bb2 O-O
9.Rc1 d6 10.e3 Nbd7 11.d4 cxd4 12.exd4 b5 13.d5 e5 14.Nd2 Nc5 15.Qe2 b4 16.Nce4 Nfxe4
17.Nxe4 Qa5 18.f4 Nxe4 19.Bxe4 f5 20.Bb1 e4 21.g4 Qc5+ 22.Kh1 Rae8 23.gxf5 Bf6
24.Bxf6 Rxf6 25.Rce1 Bc8 26.Bxe4 Bxf5 27.Qf3 Bxe4 28.Rxe4 Rxe4 29.Qxe4 h6
30.Rf3 Qc8 31.f5 Qf8 32.Kg2 Kh8 33.h3 Kg8 34.h4 Kh8 35.Kg3 Kg8 36.Kg4 Qf7
37.h5 Kh7 38.Re3 Qa7 39.Qd3 a5 40.Qe4 Qb6 41.Kf3 Qc7 42.Qg4 Qd8 43.Re6 Kh8
44.Qe4 Rf8 45.Qf4 Rf6 46.Kg4 Kg8 47.Qe3 Kh7 48.Qe4 Qb6 49.Rxf6 Qg1+ 50.Kh3 Qf1+
51.Qg2 Qd3+ 52.Kh2 gxf6 53.Qg6+ Kh8 54.Qxh6+ Kg8 55.Qg6+ Kh8 56.Qxf6+ Kh7
57.Qg6+ Kh8 58.h6 Qe2+ 59.Kg3 Qe1+ 60.Kg4 Qg1+ 61.Kh5 Qh2+ 62.Kg5 Qg1+ 63.Kf6 Qd4+
64.Kf7 Qa7+ 65.Kf8 Qb8+ 66.Qe8 Qc7 67.Qe7 Qc8+ 68.Kf7  1-0

[Event "Politiken Cup"]
[Site "Copenhagen"]
[Date "1997.07.13"]
[Round "8"]
[White "Fant, Goran"]
[Black "Hansen, Bjarne"]
[Result "0-1"]
[WhiteElo "2070"]
[BlackElo "2250"]

1.Nf3 Nf6 2.c4 c5 3.Nc3 d5 4.cxd5 Nxd5 5.g3 Nc6 6.Bg2 Nc7 7.O-O e5 8.d3 Be7
9.h4 f6 10.Ne1 Bd7 11.Nc2 O-O 12.Ne3 b6 13.a3 Qe8 14.Rb1 Rc8 15.Bd2 Kh8 16.Ncd5 Nxd5
17.Nxd5 Bd6 18.b4 Nd4 19.Nc3 f5 20.e3 cxb4 21.axb4 Nb5 22.Nd5 Qg6 23.Be1 f4
24.Rb2 Bf5 25.h5 Qf7 26.g4 Be6 27.Qf3 Qg8 28.e4 Nd4 29.Qd1 f3 30.Bh3 Bxd5
31.exd5 Qxd5 32.Kh1 e4 33.Rg1 Ne2 34.Rxe2 fxe2 35.Qd2 e3+  0-1

[Event "Wch U20"]
[Site "Zagan"]
[Date "1997.07.19"]
[Round "6"]
[White "Malakhatko, Vadim"]
[Black "Bunzmann, Dimitrij"]
[Result "0-1"]
[WhiteElo "2445"]
[BlackElo "2370"]

1.Nf3 Nf6 2.c4 e6 3.Nc3 c5 4.g3 b6 5.Bg2 Bb7 6.O-O Be7 7.b3 O-O 8.Bb2 d6
9.e3 Nbd7 10.d4 a6 11.d5 exd5 12.Ne1 b5 13.Nxd5 Nxd5 14.Bxd5 Bxd5 15.Qxd5 Nb6
16.Qd3 bxc4 17.bxc4 Na4 18.Rb1 Rb8 19.Qc2 Nxb2 20.Rxb2 Rxb2 21.Qxb2 d5 22.Qe2 Bf6
23.Ng2 d4 24.exd4 Bxd4 25.Nf4 Re8 26.Qf3 Qd7 27.Qa3 g5 28.Nd5 Qf5 29.Qa5 Qf3
30.Qd2 h6 31.Re1 Qxf2+  0-1

[Event "Wch U20 Girls"]
[Site "Zagan"]
[Date "1997.07.19"]
[Round "6"]
[White "Lomineishvili, Maia"]
[Black "Vajda, Szidonia"]
[Result "1-0"]
[WhiteElo "2385"]
[BlackElo "2355"]

1.c4 Nf6 2.Nc3 c5 3.Nf3 d5 4.cxd5 Nxd5 5.g3 Nc6 6.Bg2 Nc7 7.O-O e5 8.d3 Be7
9.Be3 O-O 10.Rc1 Bd7 11.Nd2 b6 12.Nc4 f6 13.f4 exf4 14.gxf4 Qe8 15.f5 Rc8
16.Bf4 Qh5 17.Ne4 Nd5 18.Bd6 Qf7 19.Bxe7 Qxe7 20.Ned6 Ne3 21.Nxc8 Rxc8 22.Nxe3 Qxe3+
23.Kh1 Nd4 24.b4 Bxf5 25.bxc5 bxc5 26.Rc4 Be6 27.Ra4 Bg4 28.Bf3 Bh3 29.Qc1 Qe5
30.e3 Bxf1 31.exd4 Qe8 32.Rxa7 Bxd3 33.dxc5 Rb8 34.Ra3 Qd7 35.Rb3 Rd8 36.c6 Qf5
37.Qd1 Kf7 38.c7 Rd4 39.Rc3 Rc4 40.Rxd3 Rxc7 41.Qb3+ Kg6 42.Rd1 h5 43.Qe3 Kf7
44.Bd5+ Kf8 45.Be6 Qa5 46.Rd8+ Ke7  1-0

[Event "Komercni Banka op"]
[Site "Pardubice"]
[Date "1997.07.20"]
[Round "4"]
[White "Stocek, Jiri"]
[Black "Romanovich, Leonid"]
[Result "1-0"]
[WhiteElo "2470"]
[BlackElo "2350"]

1.Nf3 c5 2.c4 Nf6 3.Nc3 d5 4.cxd5 Nxd5 5.Qc2 e6 6.e3 Be7 7.a3 O-O 8.d4 cxd4
9.exd4 Nc6 10.Bd3 h6 11.O-O Bf6 12.Be3 Nxc3 13.Qxc3 e5 14.dxe5 Nxe5 15.Nxe5 Bxe5
16.Qxe5 Qxd3 17.Rac1 Rd8 18.Bxa7 Rxa7 19.Qb8 Ra5 20.Rxc8 Rxc8 21.Qxc8+ Kh7
22.Qxb7 Rb5 23.Qa6 Qb3 24.Rb1 Qc2 25.Qxb5 Qxb1+ 26.Qf1 Qxb2 27.a4 Qa2 28.Qd1 g6
29.g3 h5 30.h4 Qa3 31.Qd7 Kg7 32.Qa7 g5 33.hxg5 Qc1+ 34.Kg2 Qxg5 35.a5 h4
36.Qd4+ f6 37.a6 hxg3 38.fxg3 Qb5 39.a7 Qe2+ 40.Kg1 Qe1+ 41.Kg2 Qe2+ 42.Kh3 Qh5+
43.Qh4 Qa5 44.Qg4+ Kh6 45.Qd4 Kg7 46.g4 Qa6 47.Kg3 Qa3+ 48.Kf2 Qa2+ 49.Ke3 Qa3+
50.Ke4 Kg6 51.Kd5 Qa5+ 52.Kc6 Qa6+ 53.Kc7 Qa5+ 54.Kc6 Qa6+ 55.Kc7 Qa5+ 56.Kd7 Qb5+
57.Ke7 Qb7+ 58.Qd7 Qb4+ 59.Ke8 Qa3 60.Qb7 Qa4+ 61.Kf8 Qa3+ 62.Qe7  1-0

[Event "Komercni Banka op"]
[Site "Pardubice"]
[Date "1997.07.21"]
[Round "5"]
[White "Zakharov, Alexander V"]
[Black "Prokopchuk, Evgeny"]
[Result "1/2-1/2"]
[WhiteElo "2385"]
[BlackElo "2475"]

1.Nf3 c5 2.c4 Nf6 3.Nc3 e6 4.e3 Nc6 5.d4 cxd4 6.exd4 d5 7.cxd5 Nxd5 8.Bd3 Bb4
9.Bd2 O-O 10.O-O Nf6 11.Bg5 Be7 12.a3 b6 13.Qe2 Bb7 14.Rad1 Rc8 15.Rfe1 Re8
16.Bb5 Nd5 17.Ne4 Bxg5 18.Nfxg5 h6 19.Nf3 Qe7 20.Ne5 Red8 21.Qf3 f5 22.Ng3 Nxe5
23.dxe5 Rc2 24.Qb3 Rdc8 25.Bd3 R2c5 26.Qa4 Kh8 27.h3 a5 28.Qb3 Qg5 29.Be2 Nf4
30.Bf3 a4 31.Qe3 Nxh3+ 32.gxh3 f4 33.Qd3 Bxf3 34.Qxf3 fxg3 35.Qxg3 Qxg3+
36.fxg3 Rc2 37.Rd6 Rxb2 38.Rxe6 Rc3 39.Rg6 Rcc2 40.e6 Rg2+ 41.Kh1 Rge2 42.Rxe2 Rxe2
43.Rg4 b5 44.Rb4 Rxe6 45.Rxb5 Re3 46.Kg2 Rxa3 47.Ra5 Kh7 48.h4 Kg6 49.h5+ Kf6
50.Kh3 Ra1 51.Kg4 a3 52.Ra7 Ke5 53.Rxg7 Rb1 54.Ra7 Rb4+ 55.Kh3 Rb3 56.Ra6 Rd3
57.Kh4 Kd5 58.g4 Rc3  1/2-1/2

[Event "Komercni Banka op"]
[Site "Pardubice"]
[Date "1997.07.22"]
[Round "6"]
[White "Sakaev, Konstantin"]
[Black "Ionescu, Constantin"]
[Result "1-0"]
[WhiteElo "2590"]
[BlackElo "2490"]

1.Nf3 c5 2.c4 Nf6 3.Nc3 e6 4.g3 b6 5.Bg2 Bb7 6.O-O a6 7.Re1 Be7 8.e4 d6 9.d4 cxd4
10.Nxd4 Qc7 11.Be3 Nbd7 12.Rc1 Rc8 13.f4 Qb8 14.Qe2 Nc5 15.Bf2 Qa8 16.g4 h6
17.h3 g6 18.Bg3 Kf8 19.Rcd1 Rc7 20.Kh2 Ncd7 21.e5 dxe5 22.fxe5 Nh7 23.Rf1 Kg7
24.Nd5 exd5 25.e6 Qd8 26.Rxf7+ Kg8 27.Rxe7 Qxe7 28.Bxc7 Ndf6 29.Be5 dxc4
30.Bxb7 Qxb7 31.Qxc4  1-0

[Event "Wch U20"]
[Site "Zagan"]
[Date "1997.07.25"]
[Round "11"]
[White "Iordachescu, Viorel"]
[Black "Bunzmann, Dimitrij"]
[Result "1-0"]
[WhiteElo "2500"]
[BlackElo "2370"]

1.c4 Nf6 2.Nc3 c5 3.Nf3 e6 4.e4 Nc6 5.Be2 a6 6.O-O Qc7 7.d4 cxd4 8.Nxd4 Nxd4
9.Qxd4 Bd6 10.h3 O-O 11.Qd3 Be7 12.Be3 d6 13.Na4 Nd7 14.Bd4 b5 15.cxb5 axb5
16.Rfc1 Qd8 17.Nc3 b4 18.Nb5 Bb7 19.a4 bxa3 20.bxa3 Nc5 21.Qg3 g6 22.Qe3 Bg5
23.f4 Bxf4 24.Qxf4 e5 25.Bxe5 dxe5 26.Qxe5 Nb3 27.Rc7 Nxa1 28.Rxb7 Qd2 29.Nc7 Nc2
30.Ne6 Qh6 31.Nxf8 Rxf8 32.Qc3 Qc1+ 33.Bf1 Ra8 34.a4 Rd8 35.Rb2 Qe3+ 36.Qxe3 Nxe3
37.Be2 Rd4 38.a5 Rxe4 39.Ra2 Re7 40.a6 Ra7 41.Rb2 Kg7 42.Rb7 Ra8 43.a7 Nd5
44.Bc4 Nc3 45.Rxf7+ Kh6 46.Kh2 Rc8 47.Be6 Ra8 48.Rb7 Kg5 49.Bc4 h5 50.g3 Kf6
51.Bf1 Nd5 52.Bg2 Ke6 53.Rg7 Rd8 54.Rxg6+ Kf5 55.Bxd5  1-0

[Event "Lost Boys op"]
[Site "Antwerp"]
[Date "1997.08.02"]
[Round "1"]
[White "Vaganian, Rafael A"]
[Black "Claesen, Pieter"]
[Result "1-0"]
[WhiteElo "2640"]
[BlackElo "2415"]

1.Nf3 Nf6 2.c4 c5 3.Nc3 d5 4.cxd5 Nxd5 5.g3 Nc6 6.Bg2 Nc7 7.a3 e5 8.b4 Bd6
9.bxc5 Bxc5 10.Bb2 O-O 11.O-O Bf5 12.d3 Qe7 13.Nd2 Ne6 14.Nde4 Bd4 15.e3 Bxc3
16.Bxc3 Rfd8 17.Qb1 Nc5 18.Nxc5 Qxc5 19.Rc1 Qe7 20.Rd1 Rac8 21.Rd2 h5 22.h4 Qc5
23.Bb2 Na5 24.Qd1 Bg4 25.Qa4 Bd7 26.Qe4 Nb3 27.Rc2 Qxc2 28.Qxe5 Qxb2 29.Qxb2 Nxa1
30.Qxa1 Rc2 31.Qd4 b6 32.Bf3 Rc1+ 33.Kh2 g6 34.Qd6 Rcc8 35.Qf6 Re8 36.d4 Rc2
37.Kg1 Rc1+ 38.Kg2 Bg4 39.Bd5 Be6 40.Bf3 Bg4 41.Bxg4 hxg4 42.h5 Re6 43.Qg5 Kg7
44.Qxg4 Rc2 45.Qg5 Ra2 46.h6+ Kh7 47.Qf4 f5 48.Qc7+  1-0

[Event "MK Cafe op-A"]
[Site "Koszalin"]
[Date "1997.08.03"]
[Round "1"]
[White "Lopushnoy, Denis"]
[Black "Widera, Jan"]
[Result "0-1"]
[WhiteElo "2385"]
[BlackElo "2210"]

1.Nf3 c5 2.c4 Nf6 3.Nc3 d5 4.cxd5 Nxd5 5.g3 Nc6 6.Bg2 Nc7 7.Qa4 Bd7 8.Qe4 f6
9.d4 cxd4 10.Nxd4 e5 11.Nf5 g6 12.Ne3 Kf7 13.O-O f5 14.Qc4+ Be6 15.Qa4 e4
16.f3 exf3 17.Bxf3 Bc5 18.Kh1 Kg7 19.Rd1 Qe7 20.Qf4 Rhd8 21.Qh6+ Kh8 22.Ned5 Nxd5
23.Nxd5 Bxd5 24.Rxd5 Rxd5 25.Bxd5 Qxe2 26.Bg5 Bd4 27.Qh4 Qe5 28.Bg2 Re8 29.Bf3 Kg7
30.Rd1 Qc5 31.b4 Qc3 32.b5 Re1+ 33.Rxe1 Qxe1+ 34.Kg2 Qf2+ 35.Kh3 Qxf3 36.bxc6 Qf1+  0-1

[Event "AUT-ch"]
[Site "Moesern"]
[Date "1997.08.05"]
[Round "5"]
[White "Schroll, Gerhard"]
[Black "Sommerbauer, Norbert"]
[Result "0-1"]
[WhiteElo "2405"]
[BlackElo "2395"]

1.c4 Nf6 2.Nc3 c5 3.Nf3 b6 4.e4 Bb7 5.e5 Ne4 6.Nb1 f6 7.d3 Ng5 8.Nxg5 fxg5
9.Bxg5 Nc6 10.f4 d6 11.e6 Nd4 12.f5 Qc8 13.Be2 Bxg2 14.Rg1 Bh3 15.Bg4 Bxg4
16.Qxg4 g6 17.Nc3 Nxf5 18.O-O-O Qxe6 19.Rde1 Qd7 20.Qf3 Rc8 21.Nd5 Kd8 22.Nxe7 Bxe7  0-1

[Event "AUT-ch"]
[Site "Moesern"]
[Date "1997.08.16"]
[Round "15"]
[White "Sommerbauer, Norbert"]
[Black "Duer, Arne"]
[Result "1/2-1/2"]
[WhiteElo "2395"]
[BlackElo "2405"]

1.Nf3 c5 2.c4 Nf6 3.Nc3 e6 4.g3 b6 5.Bg2 Bb7 6.O-O Be7 7.Re1 d6 8.e4 e5 9.Nh4 g6
10.d3 Nc6 11.f4 Nd4 12.Nf3 Nxf3+ 13.Qxf3 Nd7 14.Rf1 exf4 15.gxf4 O-O 16.Bd2 Bf6
17.Rab1 a6 18.Kh1 Bc6 19.Nd5 Bxd5 20.cxd5 b5 21.b4 c4 22.dxc4 bxc4 23.Rfc1 Nb6
24.a4 Nxa4 25.Rxc4 Qb8 26.Rc6 Bg7 27.Qa3 Nb6 28.Be3 Nd7 29.Rxa6 Rxa6 30.Qxa6 f5
31.exf5 gxf5 32.Qd3 Re8 33.Bg1 Nf6 34.b5 Ne4 35.Re1 Re7 36.b6 Nc5 37.Qb1 Rxe1
38.Qxe1 Qxb6 39.Qe8+ Bf8 40.Qe1 Qc7 41.Bd4 Qf7 42.h3 Qg6 43.Bxc5 dxc5 44.Bf1 Bd6
45.Qe3 Kg7 46.Bb5 Qh6 47.Bd7 Qxf4  1/2-1/2

[Event "ST Lee Cup 4th"]
[Site "Beijing"]
[Date "1997.08.25"]
[Round "3"]
[White "Wu Wenjin"]
[Black "Simonovic, Aleksandar"]
[Result "1/2-1/2"]
[WhiteElo "2320"]
[BlackElo "2420"]

1.Nf3 Nf6 2.c4 g6 3.Nc3 c5 4.g3 Bg7 5.Bg2 Nc6 6.O-O O-O 7.d4 cxd4 8.Nxd4 Ng4
9.e3 Nge5 10.b3 d6 11.Bb2 Bg4 12.f3 Bd7 13.Nd5 e6 14.Nf4 Nxd4 15.exd4 Nc6
16.Qd2 Qa5 17.Rfd1 Qxd2 18.Rxd2 Ne7 19.Ba3 Nf5 20.Ne2 Bc6 21.Rc1 Rfe8 22.Kf2 h5
23.Bh3 Bh6 24.f4 d5 25.Bxf5 gxf5 26.Bd6 dxc4 27.bxc4 Red8 28.Be5 Bf8 29.Nc3 Bb4
30.Rdd1 Bxc3 31.Rxc3 Kh7 32.d5 exd5 33.Rcd3 d4 34.Rxd4 Rxd4 35.Rxd4 Re8  1/2-1/2

[Event "ST Lee Cup 4th"]
[Site "Beijing"]
[Date "1997.08.28"]
[Round "5"]
[White "Xu Jun"]
[Black "Liang Chong"]
[Result "1/2-1/2"]
[WhiteElo "2505"]
[BlackElo "2360"]

1.c4 Nf6 2.Nc3 c5 3.Nf3 e6 4.g3 b6 5.Bg2 Bb7 6.O-O Nc6 7.b3 Be7 8.Bb2 O-O
9.e3 d5 10.cxd5 Nxd5 11.Nxd5 Qxd5 12.d4 Nb4 13.dxc5 Rfd8 14.cxb6 axb6 15.a3 Nd3
16.Bd4 Qb5 17.a4 Qa6 18.Qe2 e5 19.Bb2 Bd5 20.Ba3 Bf6 21.Rab1 b5 22.Rfd1 e4
23.Ne1 Qb7 24.Nxd3 exd3 25.Qf1 Bxg2 26.Qxg2 Qxg2+ 27.Kxg2 bxa4 28.bxa4 Rxa4
29.Rb3 d2 30.Kf3 Rc4 31.Bb2 Bxb2 32.Rxb2 h5 33.Rbxd2 Rxd2 34.Rxd2 g6 35.h3 Kg7
36.g4 hxg4+ 37.hxg4 g5 38.Rd4 Rc2 39.Rd3 Ra2 40.Kg3 f6 41.f4 gxf4+ 42.exf4 Ra1
43.Rd7+ Kf8 44.Kf3 Rg1 45.Ra7 Kg8 46.Ra8+ Kf7 47.Ra7+ Kf8  1/2-1/2

[Event "RUS-ch (Women)"]
[Site "Elista"]
[Date "1997.09.19"]
[Round "1"]
[White "Prudnikova, Svetlana"]
[Black "Saunina, Ludmila"]
[Result "1-0"]
[WhiteElo "2385"]
[BlackElo "2260"]

1.Nf3 Nf6 2.c4 e6 3.Nc3 c5 4.g3 b6 5.Bg2 Bb7 6.O-O Be7 7.d4 cxd4 8.Qxd4 d6
9.b3 Nbd7 10.Rd1 a6 11.e4 O-O 12.Ba3 Nc5 13.e5 dxe5 14.Qxd8 Rfxd8 15.Nxe5 Bxg2
16.Kxg2 Bf8 17.f4 Rac8 18.Kf3 h5 19.h3 Nfd7 20.Nxd7 Nxd7 21.Bxf8 Kxf8 22.Rd6 Nb8
23.Rad1 Rxd6 24.Rxd6 b5 25.Ne4 bxc4 26.bxc4 a5 27.Rb6 Nc6 28.Nd6 Rc7 29.Nb5 Rc8
30.Rb7 Rd8 31.Rc7 Nd4+ 32.Ke4 Nxb5 33.cxb5 Rb8 34.a4 g6 35.Ra7 Rc8 36.Kd3 Rc1
37.Rxa5 Rb1 38.Kc2 Rb4 39.Kc3 Rb1 40.Ra8+ Kg7 41.Kc2 Rb4 42.Kc3 Rb1 43.Kc4 Rc1+
44.Kb4 Kf6 45.b6 Kf5 46.Rf8 f6 47.a5 Ra1 48.Kb5  1-0

[Event "Terres Catalanes 15th"]
[Site "Ampuriabrava"]
[Date "1997.09.25"]
[Round "8"]
[White "Cifuentes Parada, Roberto"]
[Black "Spraggett, Kevin"]
[Result "1-0"]
[WhiteElo "2555"]
[BlackElo "2575"]

1.Nf3 Nf6 2.c4 c5 3.Nc3 e6 4.e3 Nc6 5.d4 d5 6.a3 cxd4 7.exd4 Be7 8.Bd3 dxc4
9.Bxc4 O-O 10.O-O a6 11.Be3 b5 12.Bd3 Bb7 13.a4 bxa4 14.Nxa4 Nb4 15.Be2 Nfd5
16.Bd2 a5 17.Qb3 Nb6 18.Nc5 Bd5 19.Qc3 Nd7 20.Be3 Rc8 21.Rfd1 Nxc5 22.dxc5 Qc7
23.Ne1 Bf6 24.Qa3 Ra8 25.Rac1 Rfb8 26.Bf3 Qb7 27.Bd4 Bxd4 28.Rxd4 Bxf3 29.Nxf3 Nd5
30.Rd2 Qc7 31.h3 Rb4 32.Qd3 Rab8 33.Ng5 g6 34.Qe2 Nf4 35.Qf3 Rxb2 36.Rxb2 Rxb2
37.Kh1 Nd5 38.Ne4 a4 39.Qa3 Rb8 40.Qxa4 Qf4 41.Re1 Rb4 42.Qa8+ Kg7 43.Qa1+ Kh6
44.Nd6 f6 45.Kg1 Ra4 46.Qb2 Rb4 47.Qe2 Nc7 48.Nf7+ Kg7 49.Nd8 Qd4 50.Rd1 Qxc5
51.Qxe6 Rf4 52.Rd7+ Kh6 53.Nf7+ Kg7 54.Ne5+ Kh6 55.Rxh7+  1-0

[Event "Oberliga Wuert9798"]
[Site "Wuerttemberg"]
[Date "1997.09.29"]
[Round "1"]
[White "Banaszek, Marcin"]
[Black "Jurek, Josef"]
[Result "0-1"]
[WhiteElo "2295"]
[BlackElo "2415"]

1.c4 Nf6 2.Nc3 c5 3.Nf3 e6 4.g3 b6 5.Bg2 Bb7 6.O-O Be7 7.d4 cxd4 8.Qxd4 d6
9.Rd1 a6 10.Bg5 Nbd7 11.Rac1 O-O 12.b3 Qc7 13.h3 Rad8 14.Bxf6 Nxf6 15.e4 Rfe8
16.Qe3 Bf8 17.Nd4 Qb8 18.Nde2 Nd7 19.Na4 Ba8 20.Nf4 b5 21.cxb5 axb5 22.Nc3 Nc5
23.b4 Nd7 24.Nd3 Rc8 25.a3 g6 26.f4 Bc6 27.Ne2 Nb6 28.Nb2 Bg7 29.Nd4 Bd7
30.Bf1 e5 31.fxe5 Bxe5 32.Nd3 Nc4 33.Qf2 Bg7 34.Nc2 Nb2 35.Nxb2 Bxb2 36.Rb1 Be5
37.Ne3 Be6 38.Nd5 Bxd5 39.exd5 Rc3 40.Rd3 Rec8 41.Rb3 Rc1 42.Kg2 Qb7 43.Rd2 h5
44.Be2 Ra1 45.Bf3 h4 46.gxh4 Rcc1 47.Re3 Rh1 48.Rxe5 dxe5 49.Qe3 Qe7 50.d6 Qxh4
51.Bg4 Rhe1 52.Be2 Rg1+  0-1

[Event "ESP-ch"]
[Site "Torrevieja"]
[Date "1997.10.01"]
[Round "4"]
[White "Gamundi, Antonio"]
[Black "Gonzalez de la Nava, Amador"]
[Result "1-0"]
[WhiteElo "2455"]
[BlackElo "2365"]

1.c4 Nf6 2.Nc3 c5 3.Nf3 e6 4.g3 d5 5.cxd5 Nxd5 6.Bg2 Nc6 7.O-O Be7 8.d4 O-O
9.e4 Nb6 10.d5 exd5 11.exd5 Nb4 12.Ne5 Bf6 13.f4 Bf5 14.Be3 Be7 15.g4 Bc2
16.Qc1 f6 17.a3 fxe5 18.axb4 cxb4 19.Qxc2 exf4 20.Qb3 Kh8 21.Rxf4 Rxf4 22.Bxf4 bxc3
23.bxc3 Bd6 24.Bxd6 Qxd6 25.Qb4 Qxb4 26.cxb4 g6 27.d6 Nc4 28.Bxb7 Rd8 29.Rxa7 Rxd6
30.b5 Rd2 31.Bc6 Rb2 32.g5 Rd2 33.Rd7 Rxd7 34.Bxd7 Kg7 35.Be6 Nb6 36.Kf2 Kf8
37.Ke3 Ke7 38.Bg8 Nc8 39.Kd4 Nd6 40.Kc5 Ne4+ 41.Kc6 Kd8 42.h4 Ng3 43.Be6 Ne2
44.b6  1-0

[Event "ESP-ch"]
[Site "Torrevieja"]
[Date "1997.10.03"]
[Round "6"]
[White "San Segundo, Pablo"]
[Black "Gamundi, Antonio"]
[Result "1-0"]
[WhiteElo "2495"]
[BlackElo "2455"]

1.c4 Nf6 2.Nc3 c5 3.Nf3 e6 4.g3 b6 5.Bg2 Bb7 6.O-O a6 7.Re1 Be7 8.e4 d6 9.d4 cxd4
10.Nxd4 Qc7 11.Be3 O-O 12.Rc1 Nbd7 13.f4 Rfe8 14.Bf2 g6 15.e5 dxe5 16.fxe5 Nh5
17.Bxb7 Qxb7 18.Qf3 Qc7 19.Qc6 Rac8 20.Qxc7 Rxc7 21.Rcd1 Bb4 22.Nf3 Bxc3
23.bxc3 Nc5 24.Ng5 h6 25.Ne4 Nxe4 26.Rxe4 Rec8 27.g4 Ng7 28.Bxb6 Rxc4 29.Rd8+ Kh7
30.Rxc4 Rxc4 31.Bd4 g5 32.Kf2 Ra4 33.Ke3 h5 34.h3 Rxa2 35.c4 a5 36.c5 Rc2
37.Kd3 Rc1 38.Be3  1-0

[Event "Makarska"]
[Site "Makarska"]
[Date "1997.10.08"]
[Round "6"]
[White "Cvitan, Ognjen"]
[Black "Palac, Mladen"]
[Result "1/2-1/2"]
[WhiteElo "2570"]
[BlackElo "2575"]

1.Nf3 Nf6 2.c4 c5 3.Nc3 d5 4.cxd5 Nxd5 5.e4 Nb4 6.Bb5+ N8c6 7.d4 cxd4 8.a3 dxc3
9.Qxd8+ Kxd8 10.axb4 cxb2 11.Bxb2 e6 12.e5  1/2-1/2

[Event "Petah Tiqwa It 3th"]
[Site "Petah Tiqwa"]
[Date "1997.10.08"]
[Round "8"]
[White "Tsesarsky, Ilya"]
[Black "Rotman, Daniel"]
[Result "1-0"]
[WhiteElo "2445"]
[BlackElo "2365"]

1.Nf3 Nf6 2.c4 c5 3.Nc3 e6 4.g3 Nc6 5.Bg2 Be7 6.O-O O-O 7.d4 d5 8.cxd5 Nxd5
9.e4 Ndb4 10.dxc5 Bxc5 11.a3 Nd3 12.Qe2 b6 13.b4 Bd4 14.Bg5 f6 15.Nxd4 Qxd4
16.Nb5 Qe5 17.Qxd3 Ba6 18.Bf4 Qxb5 19.Qd6 e5 20.Be3 Rad8 21.Qe6+ Kh8 22.a4 Qc4
23.Qxc4 Bxc4 24.Rfc1 b5 25.axb5 Bxb5 26.Bxa7 Nxb4 27.Bb6 Rb8 28.Bc7 Nd3 29.Rc3 Rb7
30.Bd6 Re8 31.Bf1 Nb4 32.Bh3 Nc6 33.Kg2 Nd4 34.f4 exf4 35.gxf4 Bc6 36.Re1 Bxe4+
37.Kg3 f5 38.Be5 Ne6 39.Rxe4 fxe4 40.Bxe6 h6 41.Bd5 Rbe7 42.Bxe4 Kg8 43.Bd5+ Kh7
44.Be4+ Kg8 45.Bg6 Ra8 46.h4 Rea7 47.Be4 Rd7 48.Kg4 Rad8 49.Rc6 Kf7 50.Kh5 Kg8
51.Bf5 Re7 52.Kg6 Rde8 53.Rd6 Rb8 54.Be6+ Kf8 55.Ra6  1-0

[Event "Nordic-ch VISA"]
[Site "Reykjavik"]
[Date "1997.10.11"]
[Round "4"]
[White "Gausel, Einar"]
[Black "Tisdall, Jonathan D"]
[Result "1/2-1/2"]
[WhiteElo "2540"]
[BlackElo "2480"]

1.Nf3 c5 2.c4 Nf6 3.Nc3 d5 4.cxd5 Nxd5 5.g3 g6 6.Bg2 Bg7 7.O-O O-O 8.Nxd5 Qxd5
9.d3 Nc6 10.Be3 Bd7 11.Nd4 Qd6 12.Nxc6 Bxc6 13.Bxc6 Qxc6 14.Rc1 Qa6 15.Rxc5 Qxa2
16.Rb5 b6 17.Qa1 Qe6 18.Qa6 Rfc8 19.Ra1 Qc6  1/2-1/2

[Event "Petah Tiqwa It 3th"]
[Site "Petah Tiqwa"]
[Date "1997.10.20"]
[Round "10"]
[White "Tsesarsky, Ilya"]
[Black "Bar, Roman"]
[Result "0-1"]
[WhiteElo "2445"]
[BlackElo "2210"]

1.Nf3 Nf6 2.c4 c5 3.Nc3 e6 4.g3 b6 5.Bg2 Bb7 6.O-O Be7 7.Re1 d5 8.cxd5 Nxd5
9.e4 Nb4 10.d4 cxd4 11.Nxd4 N8c6 12.Nxc6 Nxc6 13.Qg4 h5 14.Qe2 Bc5 15.Be3 Nd4
16.Bxd4 Qxd4 17.e5 Bxg2 18.Kxg2 Qd7 19.Qf3 Rc8 20.Rad1 Qc6 21.Ne4 Be7 22.h4 O-O
23.Qxh5 Rfd8 24.Qf3 Qb5 25.b3 Rxd1 26.Rxd1 Qxe5 27.Rd7 Rc7 28.Ng5 Qxg5 29.Rxc7  0-1